• 首页
  • 本馆介绍
  • 公告通知
  • 最新文献
  • 馆藏检索
  • 电子资源
  • 读者导购
  • 参考咨询
  • 我的图书馆
  • 登录
  • 详细信息显示
  • 放入我的书架
  • 预约/预借图书
  • 作者相关作品
  • 分类相关作品
  • 丛书相关作品
  • 出版社相关作品

书目信息

  • 表格格式
  • 工作单格式
  • 卡片格式
题名:
大唐西域记
    
 
作者: 董志翘 译注
分册:  
出版信息: 北京   中华书局  2012
页数: 17,760页
开本: 21cm
丛书名: 中华经典名著全本全注全译丛书
单 册:
中图分类: K928.6 , K935.06
科图分类:
主题词:
电子资源:
ISBN: 978-7-101-08296-8
000 00995oam2 2200289 45
001 012001002300
005 20140926114739.0
010    @a978-7-101-08296-8@b精装@dCNY55.00
100    @a20120417d2012 em y0chiy50 ea
101 0  @achi
102    @aCN@b110000
105    @ay z 000yy
106    @ar
200 1  @a大唐西域记@9da tang xi yu ji@f董志翘译注
210    @a北京@c中华书局@d2012
215    @a17,760页@d21cm
225 1  @a中华经典名著全本全注全译丛书
330    @a本书选择季羡林先生等《大唐西域记校注》为底本,参考前贤时彥的一些研究成果,在个别文字及断句标点上略有改动;注释方面兼顾佛教术语及人名、地名的注释,酌情对一些难理解的字词与文化常识性的内容进行注释。
461  0 @12001 @a中华经典名著全本全注全译丛书
605    @a大唐西域记@x译文
605    @a大唐西域记@x注释
607    @a西域@x历史地理@z唐代
690    @aK928.6@v5
690    @aK935.06@v5
701  0 @a董志翘@9dong zhi qiao@4译注
801  0 @aCN@b上海新华@c20180901
905    @b1152942-6@dK928.6@e1088@f5
    
    大唐西域记/董志翘译注.-北京:中华书局,2012
    17,760页;21cm.-(中华经典名著全本全注全译丛书)
    
    
    ISBN 978-7-101-08296-8(精装):CNY55.00
    本书选择季羡林先生等《大唐西域记校注》为底本,参考前贤时彥的一些研究成果,在个别文字及断句标点上略有改动;注释方面兼顾佛教术语及人名、地名的注释,酌情对一些难理解的字词与文化常识性的内容进行注释。
●
相关链接 在E读中查询图书 在五车中查询图书 在当当中查询图书 在豆瓣中查询图书


正题名:大唐西域记     索取号:K928.6/1088         预约/预借

序号 登录号 条形码 馆藏地/架位号 状态 备注
1 1152942   211529425   第二样本阅览室/ [索取号:K928.6/1088] 在馆    
2 1152943   211529434   第二借阅区/ [索取号:K928.6/1088] 在馆    
3 1152944   211529443   第二借阅区/ [索取号:K928.6/1088] 在馆    
4 1152945   211529452   第二借阅区/ [索取号:K928.6/1088] 在馆    
5 1152946   211529461   密集书库-史法系/ [索取号:K928.6/1088] 在馆    
唐山师范学院图书馆 欢迎您!
大连网信软件有限公司© 版权所有